| 000 | 00693cab a2200253 4500 | ||
|---|---|---|---|
| 001 | WB2839-42 | ||
| 008 | 090401t1992 xxu||||| |||| 00| 0 eng d | ||
| 035 | _a(Sirsi) u32824 | ||
| 041 | _aeng | ||
| 245 | _aWhat future for turnover rents? | ||
| 260 | _c1992 | ||
| 350 | _a0 | ||
| 490 |
_aEstates Times _v(1161) 2 October 1992, 5(1) |
||
| 520 | _aRaises a number of key issues concerned with turnover rents. | ||
| 650 | _a25-YEAR LEASES | ||
| 650 | _aRACK RENTS | ||
| 650 | _aRENT REVIEWS | ||
| 650 | _aTURNOVER LEASES | ||
| 650 | _aTURNOVER RENTS | ||
| 650 | _aUPWARD ONLY RENT REVIEWS | ||
| 690 | _aLANDLORD AND TENANT-LEASEHOLD REFORM | ||
| 942 | _n0 | ||
| 948 | _c04/03/1997 | ||
| 999 |
_c21937 _d21937 |
||